[Event "Montreal 8th"]
[Site "Montreal"]
[Date "2007.07.19"]
[Round "1"]
[White "Bluvshtein, Mark"]
[Black "Kamsky, Gata"]
[Result "1/2-1/2"]
[WhiteElo "2520"]
[BlackElo "2718"]
[PlyCount "87"]
[EventDate "2007.07.19"]
[EventType "tourn"]
[EventRounds "9"]
[EventCountry "CAN"]
[EventCategory "16"]
[SourceTitle "CBM 119"]
[Source "ChessBase"]
[SourceDate "2007.08.01"]
[SourceVersion "1"]
[SourceVersionDate "2007.08.01"]
[SourceQuality "1"]

1. d4 d5 2. c4 c6 3. Nf3 Nf6 4. Nc3 a6 5. a4 g6 6. e3 Bg7 7. Be2 O-O 8. O-O Be6
9. b3 Bg4 10. Ba3 Re8 11. h3 Bxf3 12. Bxf3 e6 13. g3 a5 14. Bg2 Na6 15. Qd2 Bf8
16. Bb2 Qb6 17. Rab1 Red8 18. Ba1 Nb4 19. Qe2 Rd7 20. Kh2 Bg7 21. Na2 Nxa2 22.
Qxa2 h5 23. Qc2 Qc7 24. Kg1 Ne8 25. f4 b6 26. Rbc1 Qd8 27. g4 hxg4 28. hxg4 Nd6
29. cxd5 cxd5 30. Bb2 Rc8 31. Qd3 Rdc7 32. Rxc7 Rxc7 33. g5 Qc8 34. Rf2 Bf8 35.
Bf3 Nf5 36. Bd1 Bb4 37. Re2 Qf8 38. Rc2 Rxc2 39. Bxc2 Ba3 40. Qd2 Nh4 41. Bxa3
Qxa3 42. Kf2 Qb2 43. Qd1 Nf5 44. Qb1 1/2-1/2

[Event "Montreal 8th"]
[Site "Montreal"]
[Date "2007.07.22"]
[Round "3"]
[White "Harikrishna, Pentala"]
[Black "Kamsky, Gata"]
[Result "1/2-1/2"]
[WhiteElo "2664"]
[BlackElo "2718"]
[PlyCount "30"]
[EventDate "2007.07.19"]
[EventType "tourn"]
[EventRounds "9"]
[EventCountry "CAN"]
[EventCategory "16"]
[SourceTitle "CBM 119"]
[Source "ChessBase"]
[SourceDate "2007.08.01"]
[SourceVersion "1"]
[SourceVersionDate "2007.08.01"]
[SourceQuality "1"]

1. d4 d5 2. Nf3 Nf6 3. c4 c6 4. Nc3 a6 5. Bd2 g6 6. Qb3 Bg7 7. g3 dxc4 8. Qxc4
b5 9. Qb3 Be6 10. Qc2 Nbd7 11. Ng5 Nf8 12. Bg2 Rc8 13. Nxe6 Nxe6 14. e3 c5 15.
d5 Nd4 1/2-1/2

[Event "Montreal 8th"]
[Site "Montreal"]
[Date "2007.07.23"]
[Round "4"]
[White "Kamsky, Gata"]
[Black "Tiviakov, Sergei"]
[Result "1-0"]
[WhiteElo "2718"]
[BlackElo "2648"]
[PlyCount "75"]
[EventDate "2007.07.19"]
[EventType "tourn"]
[EventRounds "9"]
[EventCountry "CAN"]
[EventCategory "16"]
[SourceTitle "CBM 119"]
[Source "ChessBase"]
[SourceDate "2007.08.01"]
[SourceVersion "1"]
[SourceVersionDate "2007.08.01"]
[SourceQuality "1"]

1. d4 Nf6 2. Nf3 e6 3. Bf4 c5 4. e3 Be7 5. c3 b6 6. h3 Bb7 7. Nbd2 cxd4 8. exd4
d6 9. Bd3 Nbd7 10. O-O O-O 11. Re1 Re8 12. a4 a6 13. Bh2 Qc7 14. c4 a5 15. Nb1
Qd8 16. Nc3 d5 17. b3 Bb4 18. Rc1 Rc8 19. Re3 Nf8 20. Nb5 Ne4 21. Rc2 Re7 22.
Qc1 Nd7 23. Na7 Ra8 24. cxd5 exd5 25. Nc6 Bxc6 26. Rxc6 Qf8 27. Re2 Rae8 28.
Rec2 h6 29. Bf4 g5 30. Bc7 Nef6 31. Bf5 Qg7 32. Bd6 Bxd6 33. Rxd6 Nf8 34. Rc8
Rxc8 35. Qxc8 Ne8 36. Rxb6 h5 37. Qd8 Re2 38. Bd3 1-0

[Event "Montreal 8th"]
[Site "Montreal"]
[Date "2007.07.24"]
[Round "5"]
[White "Ivanchuk, Vassily"]
[Black "Kamsky, Gata"]
[Result "1/2-1/2"]
[WhiteElo "2762"]
[BlackElo "2718"]
[PlyCount "84"]
[EventDate "2007.07.19"]
[EventType "tourn"]
[EventRounds "9"]
[EventCountry "CAN"]
[EventCategory "16"]
[SourceTitle "CBM 119"]
[Source "ChessBase"]
[SourceDate "2007.08.01"]
[SourceVersion "1"]
[SourceVersionDate "2007.08.01"]
[SourceQuality "1"]

1. e4 e5 2. Nf3 Nc6 3. Bb5 a6 4. Ba4 Nf6 5. O-O Be7 6. Re1 b5 7. Bb3 O-O 8. c3
d5 9. exd5 Nxd5 10. Nxe5 Nxe5 11. Rxe5 Bb7 12. Qf3 Bd6 13. Bxd5 c6 14. Re2 cxd5
15. d4 Qc7 16. g3 Rae8 17. Be3 a5 18. Nd2 b4 19. cxb4 Bxb4 20. a3 Bd6 21. Ree1
Re6 22. Rac1 Qb6 23. Qd1 Rfe8 24. Qb3 Bf8 25. Rc3 Qa6 26. Nf3 a4 27. Qc2 f6 28.
Rc1 Qb5 29. Ne1 Rb6 30. Nd3 Ree6 31. Nc5 Bxc5 32. dxc5 Ra6 33. b4 axb3 34. Rxb3
Qd7 35. Rcb1 Bc6 36. Qf5 Re8 37. Qxd7 Bxd7 38. h4 Rea8 39. Rb6 Bf5 40. Rxa6
Rxa6 41. Rb8+ Kf7 42. Rb7+ Kg8 1/2-1/2

[Event "Montreal 8th"]
[Site "Montreal"]
[Date "2007.07.25"]
[Round "6"]
[White "Kamsky, Gata"]
[Black "Sutovsky, Emil"]
[Result "1/2-1/2"]
[WhiteElo "2718"]
[BlackElo "2656"]
[PlyCount "44"]
[EventDate "2007.07.19"]
[EventType "tourn"]
[EventRounds "9"]
[EventCountry "CAN"]
[EventCategory "16"]
[SourceTitle "CBM 119"]
[Source "ChessBase"]
[SourceDate "2007.08.01"]
[SourceVersion "1"]
[SourceVersionDate "2007.08.01"]
[SourceQuality "1"]

1. e4 c5 2. Nf3 d6 3. d4 cxd4 4. Qxd4 Nc6 5. Bb5 Bd7 6. Bxc6 Bxc6 7. Nc3 Nf6 8.
Bg5 e6 9. O-O-O Be7 10. Qd3 Qa5 11. Kb1 O-O 12. h4 h6 13. Bd2 Qa6 14. Nd4 Qxd3
15. cxd3 Ng4 16. Rdf1 Bf6 17. Nce2 Ba4 18. Rh3 h5 19. Bg5 Bxg5 20. hxg5 g6 21.
Nc3 Bd7 22. Rhh1 f6 1/2-1/2

[Event "Montreal 8th"]
[Site "Montreal"]
[Date "2007.07.26"]
[Round "7"]
[White "Short, Nigel D"]
[Black "Kamsky, Gata"]
[Result "1/2-1/2"]
[WhiteElo "2683"]
[BlackElo "2718"]
[PlyCount "89"]
[EventDate "2007.07.19"]
[EventType "tourn"]
[EventRounds "9"]
[EventCountry "CAN"]
[EventCategory "16"]
[SourceTitle "CBM 119"]
[Source "ChessBase"]
[SourceDate "2007.08.01"]
[SourceVersion "1"]
[SourceVersionDate "2007.08.01"]
[SourceQuality "1"]

1. e4 e5 2. Nf3 Nc6 3. c3 Nf6 4. d4 Nxe4 5. d5 Ne7 6. Nxe5 Ng6 7. Qf3 Nf6 8.
Nxg6 hxg6 9. Be3 Be7 10. Nd2 d6 11. h3 Bg4 12. Qf4 Bd7 13. Bc4 a5 14. a4 c6 15.
Ne4 Nxe4 16. Qxe4 O-O 17. O-O b5 18. Ba2 c5 19. axb5 Bxb5 20. Bc4 Bd7 21. Qc2
Bg5 22. f4 Bh4 23. Bd3 Re8 24. Bd2 Bf6 25. g4 Qb6 26. Bc4 a4 27. Kh1 Rab8 28.
Qd3 Bh4 29. Rab1 Bb5 30. f5 Bxc4 31. Qxc4 Qb3 32. Qxb3 Rxb3 33. fxg6 fxg6 34.
Bf4 a3 35. bxa3 Rxc3 36. Rb2 Bf6 37. Bxd6 Rxh3+ 38. Rh2 Rxa3 39. Bxc5 Rd3 40.
d6 Rd5 41. Bb4 Re4 42. Rd2 Rxd2 43. Bxd2 Rd4 44. Bf4 g5 45. Bh2 1/2-1/2

[Event "Montreal 8th"]
[Site "Montreal"]
[Date "2007.07.28"]
[Round "9"]
[White "Kamsky, Gata"]
[Black "Eljanov, Pavel"]
[Result "0-1"]
[WhiteElo "2718"]
[BlackElo "2701"]
[PlyCount "72"]
[EventDate "2007.07.19"]
[EventType "tourn"]
[EventRounds "9"]
[EventCountry "CAN"]
[EventCategory "16"]
[SourceTitle "CBM 119"]
[Source "ChessBase"]
[SourceDate "2007.08.01"]
[SourceVersion "1"]
[SourceVersionDate "2007.08.01"]
[SourceQuality "1"]

1. d4 Nf6 2. Nf3 d5 3. c4 e6 4. Nc3 Bb4 5. e3 O-O 6. Bd3 c5 7. O-O dxc4 8. Bxc4
Nbd7 9. Qb3 cxd4 10. Qxb4 dxc3 11. Qxc3 Qc7 12. Qb3 b6 13. Be2 Bb7 14. Nd4 Nc5
15. Qa3 e5 16. Nb3 Nxb3 17. axb3 Rfd8 18. Re1 a5 19. e4 Bxe4 20. Bg5 h6 21.
Rac1 Qb7 22. Bxf6 gxf6 23. Bf1 Rd4 24. b4 Rxb4 25. Rc4 Rxc4 26. Bxc4 Kg7 27. h4
Bg6 28. Qg3 h5 29. Rd1 Qc7 30. Be2 Kh7 31. Qf3 Rd8 32. Re1 Rd6 33. b3 Qc5 34.
g3 Kg7 35. Ba6 b5 36. Bb7 Rd3 0-1

[Event "EU-Cup 23rd"]
[Site "Kemer"]
[Date "2007.10.04"]
[Round "2.1"]
[White "Eljanov, Pavel"]
[Black "Kamsky, Gata"]
[Result "1-0"]
[WhiteElo "2681"]
[BlackElo "2724"]
[Annotator "Rogozenco,D"]
[PlyCount "103"]
[EventDate "2007.10.03"]
[EventType "team-swiss"]
[EventRounds "7"]
[EventCountry "TUR"]
[SourceTitle "CBM 121"]
[Source "ChessBase"]
[SourceDate "2007.11.14"]
[SourceVersion "1"]
[SourceVersionDate "2007.11.14"]
[SourceQuality "1"]
[WhiteTeam "Ashdod"]
[BlackTeam "Merida Linex Magic"]
[WhiteTeamCountry "ISR"]
[BlackTeamCountry "ESP"]

1. d4 d5 2. c4 c6 3. Nf3 Nf6 4. Nc3 a6 5. c5 Bf5 6. Bf4 e6 ({In the variation
with 5...Bf5 an important alternative for Black is} 6... Nbd7 7. e3 {and now}
Nh5 {still awaits further theoretical developments.}) 7. e3 Nbd7 ({After
having played ...e6} 7... Nh5 {is no longer attractive:} 8. Bg5 Be7 9. Bxe7
Qxe7 10. Ne5 Nf6 ({or} 10... Bg6 11. g4 Nf6 12. h4) 11. g4 Bg6 12. h4 $16) 8.
Nd2 {This retreat was implemented in practice for the first time tby Sakaev in
1998. Initially its main purpose was to defend against ...Nh5, but also to
advance at some moment the f-pawn (to f3 or f4). Later Gelfand introduced the
plan of advancing the g- and h-pawns. Thus 8.Nd2 is a flexible move, leaving
White with several attractive plans later on. Black must play very precisely.}
Be7 9. Be2 Qc8 {Already this move is inaccurate.} ({The most precise is the
prophylactic} 9... Bg6 {and then} 10. O-O (10. g4 {is possible here too, but
it looks somewhat artificial}) (10. b4 Qc8 11. O-O Bd8 12. Rc1 Bc7 13. Bxc7
Qxc7 14. f4 Ng8 15. e4 Ne7 16. f5 exf5 17. exd5 cxd5 18. b5 O-O 19. b6 Qd8 (
19... Qc8 $142 $13) 20. Nb3 Nf6 21. Na5 Rb8 22. a4 Ne4 23. Na2 f6 $2 (23... f4
$1 24. Rxf4 Nf5 $132 {Kramnik}) 24. Nb4 Be8 25. Qc2 $16 {1-0 Kramnik,V (2760)
-Topalov,V (2690)/Dortmund 1999 (40)}) 10... O-O 11. b4 Qc8 {with the idea ...
Bd8-c7. White is just marginally better thanks to the space advantage.} 12. a4
{should be met with} b6 $14 {/=}) (9... h6 {looks too committal, although it
is a worthy alternative to 9...Bg6.}) (9... O-O 10. g4 Bg6 11. h4 $36) 10. g4
$1 Bg6 11. g5 (11. h4 $5) 11... Ng8 12. h4 h6 ({Gelfand mentioned the move} 
12... e5 {considering that Black achieves enough counterplay. However, White
must have the advantage thanks to his opponent's cramped kingside:} 13. h5 (13.
dxe5 Nxc5 14. Na4 (14. Nb3 $14) 14... Qd8 $1 (14... Nxa4 15. Qxa4 $14 Qd7 $140
(15... Qf5 16. Qb3 $1 $16 (16. h5 Qc2 $1) 16... O-O-O $2 17. h5 $18) 16. h5 Bf5
17. O-O-O O-O-O) 15. Nxc5 Bxc5 16. Qb3 Qb6 $13) 13... Bf5 (13... exf4 $2 {
runs into a well-known trick:} 14. hxg6 fxe3 (14... fxg6 15. e4 $36) 15. Rxh7
$18) 14. dxe5 Nxc5 $14 {[%csl Rg8]} 15. Nb3 (15. Na4 $5) (15. h6 $5 gxh6 16.
gxh6) 15... h6 (15... Nxb3 16. Qxb3 $16) 16. gxh6 Nxh6 17. Nxc5 Bxc5 18. Rg1
$36) 13. gxh6 gxh6 $146 {This attempt to improve for Black looks rather
unimpressive, but Black's position is worse anyway.} ({After the previously
played} 13... Nxh6 {White also retained better prospects:} 14. h5 Nf5 15. Rg1
Bh7 16. Nf3 $1 Qd8 (16... Bd8 17. e4 dxe4 18. Nxe4 Bc7 19. Qd2 $16) 17. Qb3 b6
18. cxb6 Qxb6 19. Qxb6 Nxb6 20. Rc1 $14 {1-0 Gelfand,B (2692)-Georgiev,K (2677)
/France 2000 (41)}) 14. h5 Bh7 (14... Bf5 15. e4 dxe4 16. Ndxe4 $16) 15. Nf3 (
15. e4 {is good here as well:} b6 (15... Ngf6 $6 16. e5 Ng8 17. Rg1 $16) 16.
cxb6 Nxb6 17. Rg1 $14 {/+/-}) 15... Bd8 16. Qd2 Bc7 17. O-O-O $1 ({Much
stronger than} 17. Bxc7 Qxc7 18. O-O-O O-O-O $11) 17... Bf5 ({In the event of} 
17... Bxf4 18. exf4 {it is not clear how can Black conveniently complete
development.} Qc7 19. Ne5 {[%csl Rf7]} Ndf6 (19... Nxe5 20. fxe5 $16) 20. Rhg1
O-O-O 21. Rg7 $16) 18. Ne5 Bxe5 (18... Nxe5 {is less accurate since it offers
White an additional possibility:} 19. dxe5 (19. Bxe5 Bxe5 20. dxe5 {leads to
the game}) 19... Qb8 20. e4 $5 dxe4 21. Qd4 $44) 19. Bxe5 Nxe5 20. dxe5 Qc7 21.
Qd4 Ne7 22. Rhg1 O-O-O 23. b4 $14 {/+/- White has a stable advantage thanks to
more space and Black's problems with the pawn on h6.} Rdg8 24. Kb2 Qd8 25. Qf4
Rxg1 26. Rxg1 Rg8 27. Rg3 Qf8 28. Bf3 f6 {This move will eventually only
create more weaknesses, but it's not simple to wait since White can slowly
improve the position.} (28... Rxg3 29. Qxg3 Bh7 30. Qh4 Kb8 31. Qf6 (31. Ne2
$16) 31... Bf5 (31... Ng8 32. Qh8 Bd3 (32... Bf5 33. Ne2 $16) 33. Be2 Bf5 34.
a3 Kc7 35. Bd1 Bd3 36. Bc2 Bxc2 37. Kxc2 Kd8 38. e4 $5 Ke8 39. exd5 exd5 40.
Ne2 $16) 32. Ne2 $16 (32. a3 $16)) 29. Kb3 Rxg3 30. Qxg3 Bd3 31. Na4 $1 {
[%csl Rc8][%cal Gg3b8,Ga4b6]} f5 (31... fxe5 32. Nb6+ Kd8 33. Qxe5 Qxf3 34.
Qh8+ ({Wrong is} 34. Qb8+ Nc8 35. Qxc8+ Ke7 36. Qxb7+ Kf6 {and the black king
escapes}) 34... Kc7 35. Ka3 $1 {White wins by force after this subtle
prophylactic move:} (35. Qe8 $4 Qd1+ {and it is Black who will mate first})
35... Qd1 (35... Qf5 36. Qe8 {with inevitable mate with the knight on a8!}) 36.
Qe5+ Kd8 37. Qb8+ Nc8 38. Qxc8+ Ke7 39. Qc7+ Kf6 40. Nd7+ Kf7 (40... Kf5 41.
Qf4#) 41. Qd6 Qc1+ 42. Ka4 Bc2+ 43. Ka5 Qa3+ 44. Kb6 Qxb4+ 45. Kc7 Qa5+ 46. Kc8
$18) 32. Kc3 Be4 33. Be2 {Black's pieces completely lack coordination and with
the next move Kamsky tries to achieve at least some activity.} d4+ 34. exd4 ({
There is no even need to calculate variations like} 34. Kxd4 $2 Qd8+ 35. Kc3
Nd5+ 36. Kb3 Nxb4 $1 37. Kxb4 Qd2+ 38. Nc3 a5+ 39. Kc4 Bd5+ {when Black will
at least have perpetual}) 34... Nd5+ 35. Kb3 f4 36. Qg4 Bf5 37. Qg2 Kb8 38. Nc3
$1 $18 {It turns out that White has an extra pawn and keeps a much better
position too.} Nxc3 39. Kxc3 Qd8 40. Bf3 Qh4 41. a4 $1 {On top of it all,
Black finds himself subjected to a decisive attack.} Bh7 42. b5 Qe7 (42... axb5
43. axb5 cxb5 44. Qg7 $18) 43. b6 {The rest is elementary.} Qf7 44. Be4 Bxe4
45. Qxe4 Qxh5 46. Qxf4 Qe8 47. Qxh6 Qg8 48. Qf6 a5 49. Qe7 Ka8 50. Kc4 Kb8 51.
f4 Ka8 52. f5 (52. f5 exf5+ 53. e6 $18) 1-0

[Event "EU-Cup 23rd"]
[Site "Kemer"]
[Date "2007.10.07"]
[Round "5.1"]
[White "Mamedyarov, Shakhriyar"]
[Black "Kamsky, Gata"]
[Result "1-0"]
[WhiteElo "2752"]
[BlackElo "2724"]
[Annotator "Krasenkow,M"]
[PlyCount "139"]
[EventDate "2007.10.03"]
[EventType "team-swiss"]
[EventRounds "7"]
[EventCountry "TUR"]
[SourceTitle "CBM 121"]
[Source "ChessBase"]
[SourceDate "2007.11.14"]
[SourceVersion "1"]
[SourceVersionDate "2007.11.14"]
[SourceQuality "1"]
[WhiteTeam "Alkaloid"]
[BlackTeam "Merida Linex Magic"]
[WhiteTeamCountry "MKD"]
[BlackTeamCountry "ESP"]

1. d4 Nf6 2. c4 e6 3. Nf3 b6 4. g3 Ba6 5. b3 c6 6. Bg2 Bb4+ 7. Nbd2 {Quite a
rare move order. It should be favourable for White as he can easily push e2-e4.
} d5 8. O-O O-O {This natural move is in fact a novelty. Black couldn't
equalize in previous games:} (8... Nbd7 9. e4 (9. Qc2 $5 O-O 10. e4 (10. a3 Be7
11. e4 Nxe4 12. Nxe4 dxe4 13. Qxe4 Rc8 14. Bf4 Bb7 15. b4 Re8 16. h4 Ba8 17.
Qc2 Bf6 18. Rad1 $14 {1-0 Gurevich,D-Iailian,M/Moscow 1989/TD (53)}) 10... Rc8
11. Bb2 (11. e5 Ne8 12. Rd1 Be7 13. Nf1 Nc7 14. Ne3 Bb7 15. h4 Re8 16. Bb2 c5
17. dxc5 bxc5 18. Ne1 Nf8 19. Qd2 $16 {1-0 Bacrot,E-Eliet,N/Clichy FRA 2007/
The Week in Chess 656 (40)}) 11... Be7 12. Rfe1 Bb7 13. Rad1 c5 14. exd5 exd5
15. Qf5 Re8 16. Ng5 h6 17. cxd5 g6 18. Qd3 Nxd5 19. Ne6 fxe6 20. Qxg6+ Kf8 21.
Qxh6+ Kg8 22. Qxe6+ Kf8 23. Bxd5 {1-0 Ivanenko,S-Melnikov,V/Moscow 1986/EXT
2004}) (9. Bb2 O-O 10. Rc1 Rc8 11. a3 Be7 12. Re1 Ne4 13. Nxe4 dxe4 14. Nd2 f5
15. b4 Qc7 16. f3 Bg5 17. e3 exf3 18. Nxf3 Bf6 19. e4 Qb8 20. e5 Be7 21. d5
cxd5 22. Qa4 $18 {1-0 Horvath,C-Emodi,B/Hungary 1995/EXT 2000 (31)}) 9... O-O
10. e5 Ne8 11. Bb2 Rc8 12. a3 Be7 13. Re1 Nc7 14. Rc1 c5 15. Bf1 Bb7 16. dxc5
bxc5 17. Qe2 Re8 18. h4 Rb8 19. Qe3 Bc6 20. Qf4 h6 21. Qg4 Nf8 22. cxd5 exd5
23. Nd4 Bd7 24. e6 Bxe6 25. Qxg7+ Kxg7 26. Nxe6+ Kg8 27. Nxd8 Rbxd8 28. Rxe7
Rxe7 29. Bf6 Red7 30. Bxd8 Rxd8 31. Rxc5 $18 {1-0 Dydyshko,V-Barkovsky,E/Minsk
1981/MCD (64)}) 9. Qc2 c5 {A new but dubious idea as White is better prepared
for the opening of the position.} 10. dxc5 (10. a3 $5 Bxd2 (10... Ba5 11. Ne5)
11. Bxd2 $14) 10... Bxc5 11. Bb2 Nc6 12. a3 Bb7 13. cxd5 exd5 {The black
pieces (especially his b7 bishop) are placed inappropriately for the IQP 
(Isolated Queen Pawn) structure. However,} (13... Nxd5 {had its own drawback
as the black queen comes under the fire of the white rooks:} 14. Rfd1 Be7 (
14... Qc8 15. Ng5) (14... Rc8 15. Nc4 $1) 15. e4 Nf6 16. Rac1 {etc.}) 14. b4
Be7 (14... Bd6 $142) 15. Rac1 Re8 16. Rfd1 Bd6 {It is now clear that Black has
lost a tempo.} 17. e4 $5 {[%mdl 32] An interesting idea: White opens up the
centre to make use of the active position of his pieces.} Rc8 (17... dxe4 $2
18. Nc4) (17... Nxe4 $2 18. Nxe4 dxe4 19. Qc3 f6 20. Ng5 $1 $18) 18. Qb1 (18.
Qb3 Nxe4 19. Qxd5 $2 {was not good due to} Nxf2 $1) 18... Nxe4 19. Nxe4 dxe4
20. Nh4 {[%cal Rh4f5,Rg2e4]} g6 21. Bxe4 {[%mdl 2048]} Qe7 22. Bd5 Kf8 (22...
Be5 $2 23. Nxg6 $1 hxg6 24. Qxg6+ Kf8 25. Qh6+ Kg8 26. Rc4 $18) 23. Rc2 {
White is preparing a good reply to ...Be5. He could have also prevented it
directly:} (23. Nf3 $5 f6 (23... Ne5 $2 24. Nxe5 Bxe5 25. Bxe5) 24. Qa1 Ne5 25.
Nxe5 Bxe5 26. Bxe5 Bxd5 (26... fxe5 27. Rxc8 Bxc8 28. Bc6) 27. Rxc8 Rxc8 28.
Rxd5 fxe5 29. Rxe5 $16) 23... Be5 24. Re2 Qc7 (24... f6 25. Nf3 $16) 25. Rde1
$6 (25. b5 $142 $1 Na5 26. Bxb7 Nxb7 (26... Bxb2 27. Qxb2 Rxe2 28. Qh8+ Ke7 29.
Bxc8 $18) 27. Rde1 f6 $8 (27... Bxb2 $2 28. Qxb2 $18) 28. Bxe5 Rxe5 29. Rxe5
fxe5 30. Nf3 $18) 25... f6 (25... Bxb2 26. Qxb2 Rxe2 27. Qh8+ Ke7 28. Rxe2+ Kd6
29. Qf6+ $1 Kxd5 30. Nf3 {with a mating attack.}) 26. Nf3 Rcd8 (26... Qd7 27.
Rd1 $5) 27. Be4 $6 (27. Nxe5 {wins a pawn but the rook endgame after} Nxe5 28.
Bxb7 Qxb7 29. Bxe5 Rxe5 30. Rxe5 fxe5 31. Qa1 (31. Rxe5 Qf3) 31... Qd5 32. Rxe5
Qd1+ 33. Qxd1 Rxd1+ 34. Kg2 {may be drawn after all. However, it was better
than the text move.}) 27... Nd4 28. Bxd4 Bxd4 29. Bxb7 Rxe2 30. Rxe2 Qxb7 {
Oof!! Black has parried White's threats although he should still be careful as
his king is not quite safe.} 31. Qb3 Rd6 32. h4 b5 $6 {[%csl Rb5] Now this
pawn becomes weak.} (32... Qd7 $142) 33. Rd2 Be5 34. Rxd6 Bxd6 35. Nd4 Be5 $6 (
35... a6 $142) 36. Ne6+ $1 Ke7 37. Nc5 {[%cal Rb3g8,Rc5b7]} Qc8 38. Qd5 {
[%csl Gc5,Gd5]} a6 39. h5 $1 {Logically played. Black has weaknesses on the
queenside; now it is time to weaken his kingside.} gxh5 $6 (39... Ba1 $142 40.
h6 $1 {[%csl Rh7]} f5 {tenaciously defending.}) 40. Qe4 Qg4 (40... Qg8 41. Qf5
$1 {[%cal Rf5d7]}) 41. Qxh7+ Ke8 {Black's pawn structure is now totally ruined.
} 42. Qh8+ Kf7 43. Qh7+ Ke8 44. Kg2 Bd6 45. Ne4 $1 Be7 46. f3 Qe6 47. Qxh5+ {
and White gradually brings home his material advantage:} Kd7 48. Nf2 Qb3 49.
Qf5+ Kc7 50. Qf4+ Bd6 51. Qc1+ Kd7 52. Ne4 Qa2+ 53. Kh3 Qe6+ 54. Kg2 Qa2+ 55.
Kf1 Be5 56. Nc5+ Ke7 57. Qd1 Qc4+ 58. Kg2 Bd4 59. Nxa6 Qa2+ (59... Be3 $142 $5
60. Nc5 Bxc5 61. bxc5 Qxc5 62. Qb3) 60. Kh3 Qe6+ 61. g4 Qe3 62. Nc7 Qh6+ 63.
Kg2 Be5 64. Nxb5 Qh2+ 65. Kf1 Kf8 66. Qe2 Qh1+ 67. Kf2 Qc1 68. Qd3 Kg7 69. Nd4
Qb2+ 70. Ne2 1-0

[Event "EU-Cup 23rd"]
[Site "Kemer"]
[Date "2007.10.09"]
[Round "7.1"]
[White "Kamsky, Gata"]
[Black "Alekseev, Evgeny V"]
[Result "1-0"]
[WhiteElo "2724"]
[BlackElo "2716"]
[Annotator "Krasenkow,M"]
[PlyCount "73"]
[EventDate "2007.10.03"]
[EventType "team-swiss"]
[EventRounds "7"]
[EventCountry "TUR"]
[SourceTitle "CBM 121"]
[Source "ChessBase"]
[SourceDate "2007.11.14"]
[SourceVersion "1"]
[SourceVersionDate "2007.11.14"]
[SourceQuality "1"]
[WhiteTeam "Merida Linex Magic"]
[BlackTeam "Saratov Economist"]
[WhiteTeamCountry "ESP"]
[BlackTeamCountry "RUS"]

1. d4 Nf6 2. c4 e6 3. Nf3 b6 4. g3 Bb7 5. Bg2 Be7 6. O-O O-O 7. Nc3 Ne4 8. Bd2
f5 9. Qc2 Bf6 10. Rad1 Nxc3 11. Bxc3 Be4 {For this line - see CBM 061, 078.}
12. Qb3 {This move can bring some fresh air.} (12. Qc1 {is more common.}) (12.
Qd2 {and}) (12. Qa4 {are also played.}) 12... d6 (12... a5 13. a4 d5 14. Ne5
Qd6 15. f3 dxc4 16. Nxc4 Bd5 17. e4 Bxc4 18. Qxc4 Bd8 19. f4 c6 20. exf5 Rxf5
21. Rde1 Rf6 22. f5 Ra7 23. Rxe6 Rxe6 24. fxe6 Re7 25. Kh1 {1-0 Weber,K-Mauro,
L/Chessfriend.com 2004/Telechess CBM 101}) 13. Ne1 Qe8 $6 (13... Bxg2 14. Nxg2
Qe7 {was probably more accurate.}) 14. Bxe4 fxe4 15. Ng2 {[%csl Re4] Black has
now serious problems: additionally to his weakened queenside, he has a weak e4
pawn.} Nc6 (15... Nd7 16. Qc2 Qg6 17. Qa4 $1 $16) 16. d5 Na5 (16... Ne5 17. Nf4
$16) 17. Bxa5 bxa5 18. Qc2 exd5 (18... c6 19. Nf4 $1 {doesn't solve the
problems.}) 19. cxd5 Rb8 20. b3 Rf7 21. Nf4 {[%csl Ra5,Ra7,Rc7,Re4] Black has
a lot of weaknesses. In such a situation a knight is often more useful than a
bishop.} Re7 (21... Qe5 22. e3) 22. f3 (22. Ne6 $6 c6) 22... Rb4 (22... exf3
23. Rxf3 {[%cal Yf4e6]}) 23. Ne6 c5 $6 (23... exf3 24. Rxf3 a4 $14 {was
relatively better, getting rid of some of the weaknesses.}) 24. fxe4 {[%cal
Re4e5] White is a pawn up; moreover, Black must give up an exchange. Still, he
creates a kind of fortress.} Rxe6 (24... a4 25. e5 $1 Bxe5 26. Rf8+ Qxf8 27.
Nxf8 Kxf8 28. Qxh7 $18) 25. dxe6 Qxe6 26. Qd3 Be5 (26... Qxe4 $2 27. Qxe4 Rxe4
28. Rxd6 Rxe2 29. Rf2 $18) 27. Qf3 h6 28. Qf8+ ({After} 28. Qf5 Qxf5 29. exf5
Kf7 {White can hardly break through Black's defence.}) 28... Kh7 29. Rf7 Qg6 $2
(29... Qg4 $142 $1 30. Rxa7 Rxe4 31. Qf3 Bd4+ 32. Kh1 Qg6 $132 33. Rxa5 $6 Re3
34. Qg2 $2 Qc2) 30. Rxa7 Qxe4 $2 {A decisive mistake.} (30... Rxe4 $142 31. Ra8
Qg5) 31. Qf3 $1 {After the queen exchange Black's position is hopeless but
otherwise he just loses his a5=pawn.} Qg6 32. Rxa5 Rf4 33. Qd3 Re4 34. Ra4 Bd4+
35. Kg2 h5 36. Rf1 Qg4 37. e3 $1 1-0